IFM Opac

Purchasing Principles and Management (Record no. 6405)

MARC details
000 -LEADER
fixed length control field 00666nam a2200241Ia 4500
003 - CONTROL NUMBER IDENTIFIER
control field OSt
005 - DATE AND TIME OF LATEST TRANSACTION
control field 20220817115137.0
008 - FIXED-LENGTH DATA ELEMENTS--GENERAL INFORMATION
fixed length control field 220817b |||||||| |||| 00| 0 eng d
020 ## - INTERNATIONAL STANDARD BOOK NUMBER
International Standard Book Number 0 273 62381 8
040 ## - CATALOGING SOURCE
Transcribing agency IFM Library
082 ## - DEWEY DECIMAL CLASSIFICATION NUMBER
Classification number 658.72
100 ## - MAIN ENTRY--PERSONAL NAME
Personal name Baily, Peter
9 (RLIN) 5398
245 ## - TITLE STATEMENT
Title Purchasing Principles and Management
250 ## - EDITION STATEMENT
Edition statement 8th ed.
260 ## - PUBLICATION, DISTRIBUTION, ETC.
Place of publication, distribution, etc. London:
260 ## - PUBLICATION, DISTRIBUTION, ETC.
Name of publisher, distributor, etc. Financial Times Pitman Publishing
260 ## - PUBLICATION, DISTRIBUTION, ETC.
Date of publication, distribution, etc. 1998
300 ## - PHYSICAL DESCRIPTION
Extent x, 406p.
Other physical details :ill. ; 25cm
500 ## - GENERAL NOTE
General note Includes Bibliographical, References and Index
650 ## - SUBJECT ADDED ENTRY--TOPICAL TERM
Topical term or geographic name entry element Purchasing
9 (RLIN) 5954
700 ## - ADDED ENTRY--PERSONAL NAME
Personal name David Farmer, David Jessop and David Jones
9 (RLIN) 5955
942 ## - ADDED ENTRY ELEMENTS (KOHA)
Koha item type Books
Source of classification or shelving scheme Dewey Decimal Classification
Suppress in OPAC No
Holdings
Withdrawn status Lost status Source of classification or shelving scheme Damaged status Not for loan Collection code Home library Current library Shelving location Date acquired Source of acquisition Full call number Barcode Date last seen Price effective from Koha item type Total Checkouts
    Dewey Decimal Classification     Non-fiction IFM Main Campus Library IFM Main Campus Library General Collection 08/17/2022 Purchased 658.72 BAI 0000003871 05/15/2015 02/19/2022 Books  
    Dewey Decimal Classification     Non-fiction IFM Main Campus Library IFM Main Campus Library General Collection 08/17/2022 Purchased 658.72 BAI 0000003870 09/20/2021 02/19/2022 Books  
    Dewey Decimal Classification       IFM Mwanza Campus IFM Mwanza Campus Mwanza Teaching Center 09/28/2016   658.72 PUR 0000021032 09/28/2016 09/28/2016 Books  
    Dewey Decimal Classification       IFM Mwanza Campus IFM Mwanza Campus Mwanza Teaching Center 09/28/2016   658.72 PUR 0000021033 09/28/2016 09/28/2016 Books  
    Dewey Decimal Classification       IFM Mwanza Campus IFM Mwanza Campus Mwanza Teaching Center 09/28/2016   658.72 PUR 0000021034 09/28/2016 09/28/2016 Books